| 000 | 00968nam a22002537a 4500 | ||
|---|---|---|---|
| 999 |
_c22531 _d22531 |
||
| 003 | AR-CdUCM | ||
| 008 | 190423b ||||| |||| 00| 0 spa d | ||
| 020 | _a9786124787812 | ||
| 040 |
_aMUNICIPALIDAD PROVINCIAL DEL CUSCO _cBIBLIOTECA MUNICIPAL DEL CUSCO |
||
| 082 |
_aPI/869.57/H873I _bH873I |
||
| 100 |
_aHuere Avelino, Mercedes _948430 |
||
| 245 |
_aLas increíbles aventuras de Osi y Chanchi / _c[texto e ilustraciones], Mercedes Huere A., Ricardo J. J. Pflucker F. |
||
| 260 |
_a[Lima] : _bJukucha, _c2019. |
||
| 300 |
_a[42] pág. : _bilustraciones en color, _c15 x 21 cm. |
||
| 500 | _a"Riche" Riche es seudónimo de los sobrenombres de los autores, Rick y Cheme. | ||
| 650 |
_aCuento _94671 |
||
| 650 |
_aCuentos infantiles peruanos _93914 |
||
| 650 |
_aLiteratura infantil _9588 |
||
| 650 |
_aLibros ilustrados para niños _922257 |
||
| 650 |
_aSiglo XXI _948431 |
||
| 700 |
_aPflücker F., Ricardo J. J. _948432 |
||
| 942 |
_2ddc _cLIBROS |
||
| 945 | _arac | ||